[Event "Floripa Super Blitz 2019"]
[Site "Florianopolis"]
[Date "2019.01.23"]
[Round "7"]
[White "Broday, Geovani Allan"]
[Black "Sunye Neto, Jaime"]
[Result "0-1"]
[WhiteElo "2129"]
[BlackElo "2446"]
[Annotator "TA"]
[PlyCount "106"]
[EventDate "2019.01.23"]
[EventType "swiss"]
[EventCountry "BRA"]
[SourceTitle "playchess.com"]
[Source "ChessBase"]
[SourceQuality "1"]

{[%evp 13,106,-25,0,-4,0,-17,-12,-76,-58,-91,-56,-69,-27,-35,-25,-35,-34,-99,-27,-25,-33,-34,-30,-31,-29,-23,-20,-32,-18,-18,-15,-30,120,128,145,140,222,216,193,205,215,109,105,92,124,125,133,120,121,100,91,56,87,79,98,46,45,24,23,-18,0,-8,0,-111,-112,-131,-128,-6095,-5938,-4134,-4134,-4132,-2277,-2131,-1925,-29980,-29981,-29981,-29982,-29982,-29983,-29983,-29984,-29984,-29985,-29985,-29982,-29982,-29983,-29984,-29985,-29986,-29987,-29992,-29993]} 1. e4 c5 2. Nf3 e6 3. g3 Nc6 4. Bg2 Nf6 5. d3 d5 6. Nbd2 Be7 7. O-O b6 8. c3 {C00: French: Unusual White 2nd moves} (8. Qe2 Qc7 9. Re1 Bb7 10. e5 Nd7 11. c4 d4 12. h4 h6 13. h5 a5 14. Ne4 Ncxe5 15. Nxe5 Nxe5 16. Bf4 O-O 17. Nd2 Bxg2 18. Bxe5 Qc6 19. f3 {0-1 (45) Liang,A (2572)-Le,Q (2737) chess.com INT 2018}) 8... Bb7 9. Qe2 Qc7 10. e5 (10. a3 $11) 10... Nd7 $1 $17 {[%cal Rd7e5]} 11. d4 $146 ({Predecessor:} 11. Re1 g5 12. h3 h5 13. g4 hxg4 14. hxg4 O-O-O 15. Nf1 Rdg8 16. d4 Kb8 17. Ng3 Rg6 18. Bd2 Qc8 19. Rac1 Qg8 20. b3 Rh4 21. dxc5 Nxc5 22. Nd4 Nxd4 23. cxd4 {1-0 (38) Dorca Dilme,R (2184)-Linder,O (1963) Santa Eugenia 2018}) 11... a5 12. Rd1 cxd4 13. cxd4 Ba6 14. Qe3 Nb4 15. Qc3 (15. Ne1 $1 $15) 15... Rc8 (15... Qxc3 $17 16. bxc3 Nc2) 16. Qxc7 $11 Rxc7 17. Bf1 $1 Bxf1 18. Nxf1 O-O (18... Nc2 $5 19. Rb1 $8 O-O $15) 19. Ne3 Rfc8 20. Bd2 Nc2 21. Nxc2 Rxc2 22. Bc3 Ba3 (22... Bb4 $1 $11) 23. Rab1 $1 $16 f6 24. exf6 gxf6 {[#]} (24... R8xc3 $16 {might work better.} 25. f7+ (25. bxc3 gxf6 26. Kg2 Kf7 $16) 25... Kxf7 26. bxc3 Bd6) 25. Ne1 $1 $18 {[%cal Re1c2]} R2xc3 26. bxc3 Rxc3 27. Rb3 (27. Rd3 $18 Bb4 28. Rxc3 Bxc3 29. Nf3) 27... Rxb3 $16 28. axb3 {[%mdl 4096] Endgame KRN-KBN} Kf7 29. Nd3 e5 30. Kg2 Ke6 31. dxe5 fxe5 32. Ra1 Bd6 33. f3 e4 34. fxe4 (34. Re1 $16) 34... dxe4 $14 35. Nf2 Nc5 36. Re1 Kd5 37. g4 Bf4 {Hoping for ...Bd2.} 38. h4 {[#]} (38. Rd1+ $11 {remains equal.} Ke5 39. h4) 38... Bd2 $1 $17 {[%cal Rd2e1]} 39. Re2 e3 40. Kf3 $2 {[%mdl 8192]} (40. h5 $17) 40... Nxb3 $19 41. Rxe3 Bxe3 42. Kxe3 {KN-KN} a4 43. Kd3 a3 44. Ne4 Nc5+ {Black mates.} 45. Nxc5 bxc5 {K3P-KPP} 46. Kc3 c4 47. g5 Ke5 48. h5 Kf5 49. g6 Kf6 50. gxh7 Kg7 51. Kc2 Kxh7 52. Kb1 c3 53. Kc1 a2 {Accuracy: White = 37%, Black = 63%.} 0-1

[Event "Floripa Super Blitz 2019"]
[Site "Florianopolis"]
[Date "2019.01.23"]
[Round "7"]
[White "De Melo, Jailson Jose"]
[Black "Cubas, Jose Fernando"]
[Result "0-1"]
[WhiteElo "2122"]
[BlackElo "2506"]
[Annotator "TA"]
[PlyCount "83"]
[EventDate "2019.01.23"]
[EventType "swiss"]
[EventCountry "BRA"]
[SourceTitle "playchess.com"]
[Source "ChessBase"]
[SourceQuality "1"]

{[%evp 14,83,42,27,60,16,24,18,12,0,58,-147,-59,-58,-30,-42,29,-9,-13,-6,-10,-84,30,-5,-12,-52,-52,-72,-54,-54,-52,-55,-57,-62,-7,-29,-42,-40,49,46,54,9,15,0,30,0,0,0,0,-295,-293,-287,-270,-253,-246,-280,-251,-425,-417,-546,-395,-417,-422,-613,-395,-535,-578,-1405,-1241,-29983,-29984,-29993]} 1. e4 c5 2. Nf3 Nc6 3. d4 cxd4 4. Nxd4 e5 5. Nb5 d6 6. N1c3 a6 7. Na3 Be7 8. Nc4 Be6 {B32: Sicilian: Löwenthal and Kalashnikov Variations} (8... b5 9. Ne3 Nf6 10. a3 O-O 11. g3 Nd4 12. Bg2 Be6 13. O-O a5 14. Ne2 Nxe2+ 15. Qxe2 Rb8 16. a4 b4 17. b3 Qb6 18. Bb2 Qc5 19. Kh1 Bd8 20. f4 Bb6 {½-½ (20) Tomczak,J (2583)-Edouard,R (2607) Germany 2018}) 9. Ne3 Rc8 10. Be2 Nf6 {The position is equal.} 11. O-O Nd4 (11... O-O $11) 12. Ned5 $146 {[#]} (12. Bd3 $1 $14 {keeps the upper hand.}) ({Predecessor:} 12. f4 Qb6 13. Kh1 Nxe2 14. Qxe2 Qc6 15. Qf3 exf4 {½-½ (25) Everett,M-Feldman,S (2285) Lansing 1993}) 12... Nxd5 (12... Nxe4 $1 $17 {[%mdl 512]} 13. Nxe4 Bxd5) 13. exd5 $15 Bf5 14. Bd3 Qd7 (14... Bxd3 $15 15. Qxd3 Qb6) 15. Be3 Bxd3 16. Qxd3 Nf5 17. f4 (17. Bd2 $11 {keeps the balance.}) 17... g6 ({Black should play} 17... Nxe3 $17 18. Qxe3 exf4 19. Rxf4 (19. Qxf4 O-O $15) 19... O-O) 18. fxe5 dxe5 19. Kh1 O-O 20. Rad1 Nd6 21. Ne4 f5 22. Nxd6 Bxd6 23. c4 Qa4 (23... b5 $15 24. b3 e4) 24. Rc1 e4 $1 {[%cal Re4d3]} 25. Qc3 Bb4 ({Black should try} 25... f4 $15 26. Bd4 Rf5) 26. Qe5 $14 Rce8 27. Qc7 Rf7 28. Qb6 Bf8 29. c5 Qxa2 30. c6 Qxd5 {[#] ...bxc6 is the strong threat.} 31. cxb7 $2 {[%mdl 8192]} (31. c7 $11 Rc8 32. Bf4) 31... Qxb7 $19 32. Qd4 Bg7 33. Qc4 Qxb2 34. Rb1 Qe5 35. Rb7 $2 (35. Qxa6 Rd7 36. Rb7 Rxb7 37. Qxb7) 35... Qe6 36. Qb4 Rxb7 37. Qxb7 a5 {[%cal Ba6a5,Ba5a4,Ba4a3,Ba3a2][%mdl 32]} 38. Rc1 (38. Qb5 $142) 38... Be5 39. h3 a4 {aiming for ...a3.} 40. Rd1 a3 41. Rd7 a2 42. Qd5 {Accuracy: White = 19%, Black = 52%.} 0-1

[Event "Floripa Super Blitz 2019"]
[Site "Florianopolis"]
[Date "2019.01.23"]
[Round "7"]
[White "Souza, Iago Henrique da Si"]
[Black "Stamenkovic, Dragan"]
[Result "1-0"]
[WhiteElo "2060"]
[BlackElo "2378"]
[Annotator "NA"]
[PlyCount "73"]
[EventDate "2019.01.23"]
[EventType "swiss"]
[EventCountry "BRA"]
[SourceTitle "playchess.com"]
[Source "ChessBase"]
[SourceQuality "1"]
[TimeControl "180+2"]

1. d4 {[%emt 0:00:00]} Nf6 {[%emt 0:00:00]} 2. Nf3 {[%emt 0:00:01]} d5 {[%emt 0:00:01]} 3. e3 {[%emt 0:00:02]} c6 {[%emt 0:00:10]} 4. Bd3 {[%emt 0:00:02]} Bg4 {[%emt 0:00:02]} 5. Nbd2 {[%emt 0:00:01]} e6 {[%emt 0:00:02]} 6. h3 {[%emt 0:00:02]} Bh5 {[%emt 0:00:00]} 7. O-O {[%emt 0:00:03]} Nbd7 8. b3 {[%emt 0:00:00]} Bd6 {[%emt 0:00:03]} 9. Bb2 {[%emt 0:00:00]} a5 {[%emt 0:00:03]} 10. a4 {[%emt 0:00:01]} O-O {[%emt 0:00:01]} 11. Qe1 {[%emt 0:00:01]} Qb8 {[%emt 0:00:29]} 12. e4 {[%emt 0:00:19]} dxe4 {[%emt 0:00:08]} 13. Nxe4 {[%emt 0:00:01]} Bxf3 {[%emt 0:00:06]} 14. gxf3 {[%emt 0:00:08]} Nd5 {[%emt 0:00:03]} 15. Nxd6 {[%emt 0:00:24]} Qxd6 {[%emt 0:00:01]} 16. Ba3 {[%emt 0:00:08]} Nb4 {[%emt 0:00:18]} 17. Bxh7+ {[%emt 0:00:14]} Kxh7 {[%emt 0:00:03]} 18. c3 {[%emt 0:00:01]} Qf4 {[%emt 0:00:23]} 19. cxb4 {[%emt 0:00:06]} Qxf3 {[%emt 0:00:07]} 20. bxa5 {[%emt 0:00:06]} Rh8 {[%emt 0:00:19]} 21. Qe3 {[%emt 0:00:07]} Qxe3 {[%emt 0:00:09]} 22. fxe3 {[%emt 0:00:01]} Kg8 {[%emt 0:00:01]} 23. Rf3 {[%emt 0:00:09]} Rxa5 {[%emt 0:00:01]} 24. Raf1 {[%emt 0:00:01]} f6 {[%emt 0:00:01]} 25. Bb4 {[%emt 0:00:35]} Rah5 {[%emt 0:00:09]} 26. Kg2 {[%emt 0:00:05]} Nb6 {[%emt 0:00:05]} 27. e4 {[%emt 0:00:04]} Rh4 {[%emt 0:00:08]} 28. Re1 {[%emt 0:00:17]} Kf7 {[%emt 0:00:02]} 29. Re2 {[%emt 0:00:15]} Rd8 {[%emt 0:00:03]} 30. Bc5 {[%emt 0:00:06]} Nd7 {[%emt 0:00:01]} 31. Bd6 {[%emt 0:00:10]} Nb6 {[%emt 0:00:15]} 32. Bc7 {[%emt 0:00:03]} Rxd4 {[%emt 0:00:03]} 33. Bxb6 {[%emt 0:00:01]} Rdxe4 {[%emt 0:00:01]} 34. Rd2 {[%emt 0:00:03]} g5 {[%emt 0:00:27]} 35. Rd7+ {[%emt 0:00:07]} Kg6 {[%emt 0:00:00]} 36. Bf2 {[%emt 0:00:17]} Rhf4 {[%emt 0:00:10]} 37. Rxb7 {[%emt 0:00:02]} 1-0

[Event "Floripa Super Blitz 2019"]
[Site "Florianopolis"]
[Date "2019.01.23"]
[Round "8"]
[White "Cubas, Jose Fernando"]
[Black "Souza, Adwilhans Luciano"]
[Result "1-0"]
[WhiteElo "2506"]
[BlackElo "2368"]
[Annotator "TA"]
[PlyCount "105"]
[EventDate "2019.01.23"]
[EventType "swiss"]
[EventCountry "BRA"]
[SourceTitle "playchess.com"]
[Source "ChessBase"]
[SourceQuality "1"]

{[%evp 17,105,-6,-2,-8,0,0,5,10,15,15,14,7,10,16,16,6,4,5,0,0,25,18,31,29,29,28,35,-62,-62,-63,-74,-69,0,0,0,-9,-8,-10,-5,-6,-5,-6,-6,-35,0,-12,0,-17,-4,-23,-36,-38,191,170,208,200,193,200,181,183,275,204,291,284,273,278,276,268,296,275,275,253,297,407,407,394,527,491,599,528,1604,1670,1018,1150,4922,5106,4642,4631,29987,29988]} 1. Nc3 e5 2. Nf3 Nc6 3. d4 exd4 4. Nxd4 Nf6 5. e4 Bb4 6. Nxc6 bxc6 7. Bd3 d5 8. exd5 cxd5 9. O-O O-O 10. h3 {C47: Scotch Four Knights and Four Knights with 4 g3} c6 11. Qf3 Rb8 (11... Bd6 12. Bf4 Be6 13. b3 c5 14. Rad1 Bxf4 15. Qxf4 Qa5 16. Qd2 c4 17. Be2 Rac8 18. bxc4 dxc4 {0-1 (28) Morozevich,A (2656)-Mamedyarov,S (2817) St Petersburg 2018}) 12. Bf4 {The position is equal.} Bd6 13. b3 Rb4 14. Bxd6 Qxd6 15. Rfe1 Bd7 16. Rad1 Rbb8 17. Ne2 Rfe8 18. c4 $146 Re5 19. Nc3 Rbe8 20. Rxe5 Qxe5 21. cxd5 cxd5 22. Bb5 (22. Ba6 $14) 22... Rc8 $1 $15 {[%cal Rc8c3]} 23. Bxd7 Rxc3 24. Qf5 Qxf5 (24... Qe2 $15 25. Rf1 h6) 25. Bxf5 {[%mdl 4096] Endgame KRB-KRN} g6 26. Bd3 Kf8 27. Kf1 Ke7 28. Ke2 Kd6 29. Kd2 Rc7 30. f3 Nd7 31. Be2 Ke5 32. g3 f5 {[%cal Bf7f5,Bf5f4][%mdl 32]} 33. h4 f4 34. g4 d4 $2 (34... Ke6 $15 {keeps the upper hand.}) 35. Bc4 $18 Nb6 36. Re1+ Kd6 {[#]} 37. Kd3 $1 Nxc4 38. bxc4 {KR-KR} Kc5 (38... Rc6 {was worth a try.} 39. Re4 (39. Kxd4 Ra6 $16) 39... Ra6) 39. a3 Rd7 (39... Rb7 $142) 40. Re5+ Kc6 41. Re4 Rb7 42. Rxf4 Rb3+ 43. Kxd4 Rxa3 44. Rf6+ Kc7 45. Rf7+ Kc6 46. Rxh7 a5 47. Rh6 Rxf3 48. Rxg6+ Kc7 49. h5 a4 50. h6 a3 51. h7 Rh3 52. Ra6 Rxh7 53. Ra7+ {Accuracy: White = 65%, Black = 39%.} 1-0

[Event "Floripa Super Blitz 2019"]
[Site "Florianopolis"]
[Date "2019.01.23"]
[Round "8"]
[White "Molina, Roberto Junio Brito"]
[Black "Souza, Iago Henrique da Si"]
[Result "1-0"]
[WhiteElo "2458"]
[BlackElo "2060"]
[Annotator "TA"]
[PlyCount "123"]
[EventDate "2019.01.23"]
[EventType "swiss"]
[EventCountry "BRA"]
[SourceTitle "playchess.com"]
[Source "ChessBase"]
[SourceQuality "1"]

{[%evp 15,123,29,30,34,34,20,48,46,37,36,49,31,102,85,104,105,99,40,42,35,35,40,39,13,47,45,58,53,47,47,116,62,97,55,178,163,239,42,58,44,57,52,52,47,42,42,46,27,30,0,0,0,10,9,9,10,10,8,7,8,33,0,0,-11,-6,-6,-7,-7,0,0,0,0,16,16,136,154,296,296,296,296,296,296,296,296,765,765,861,431,666,642,796,723,661,647,720,675,5185,4614,4690,3176,2472,2093,2133,813,29983,29984,29984,29985,29984,29985]} 1. d4 d5 2. c4 e6 3. Nc3 Bb4 4. Nf3 Nf6 5. Bg5 O-O 6. e3 c6 7. Qc2 {D38: Queen's Gambit Declined: Ragozin Defence (4 Nf3 Bb4)} Nbd7 8. a3 Be7 {LiveBook: 3 Publish game on website} 9. Bd3 {White has an edge.} (9. Rc1 h6 10. Bh4 dxc4 11. Bxc4 Nd5 12. Bxe7 Qxe7 13. Ne4 N5b6 14. Ba2 {½-½ (23) Maksimenko,A (2484)-Plat,V (2539) Poronin 2017}) 9... h6 10. Bh4 Nh5 $146 ({You set blue moves yourself with the critical opening position annotation.:} 10... dxc4 11. Bxc4 b5 12. Bd3 a6 13. b4 Bb7 14. O-O a5 15. Qb3 Nd5 16. Bxe7 Qxe7 17. Nxd5 exd5 {1-0 (43) Belis,R (1982)-Popovic,M (1867) Slovakia 2018}) 11. Bxe7 Qxe7 12. O-O Nhf6 13. Rfe1 (13. Rac1 {NOTEXT-191} Re8 14. e4 dxe4 15. Nxe4 b6 16. c5) 13... e5 (13... b6 $14) 14. cxd5 $16 Nxd5 15. Nxd5 cxd5 {[#]} 16. Nxe5 (16. e4 $1 $16) 16... Nxe5 $14 17. dxe5 Qxe5 18. Rac1 Be6 19. Qc3 Qd6 20. Qd4 Rfd8 21. Rc3 a6 22. Rec1 Qe7 ({Black should try} 22... Rac8 $14) 23. Qf4 (23. Rc7 $16 Rd7 24. Qb6) 23... Rac8 24. Rc7 Rxc7 (24... g5 $14 25. Qg3 (25. Rxe7 $2 Rxc1+ 26. Bf1 gxf4 $19) 25... Rxc7 26. Rxc7 Rd7 27. Rc8+ Rd8) 25. Rxc7 $18 Rd7 {[#]} (25... Qe8 $142 26. Rxb7 d4) 26. Rc1 $2 ({White has to play} 26. Rc8+ $1 $18 Rd8 27. Qb4) 26... Rd8 27. h3 Qd6 28. Qxd6 Rxd6 $14 {[%mdl 4096] General book An&V&L-An&V&L} 29. Rc7 Rb6 30. b4 Kf8 31. f4 {Hoping for f5.} Ke8 32. f5 Bd7 33. Rc5 Rd6 34. Kf2 Ke7 35. Kf3 Bc6 36. Kf4 Kf6 37. g4 g5+ 38. fxg6 fxg6 39. b5 g5+ 40. Kf3 axb5 41. Bxb5 Bxb5 42. Rxb5 $11 {An&V-An&V} b6 43. Ke2 Ke5 44. Kd3 Ke6 (44... Rd8 $11 {keeps the balance.}) 45. Kd4 $16 Rd8 (45... Rc6 $16 {is a better defense.}) 46. Rxb6+ $18 Kf7 47. Ra6 (47. Rxh6 $6 Ra8 $18) 47... Re8 48. a4 ({Don't take} 48. Rxh6 $6 Re4+ 49. Kd3 (49. Kxd5 Ra4 $18) 49... Ra4 $18) (48. Kxd5 Rxe3 49. Rxh6 Rxa3 $11) 48... Re4+ 49. Kd3 ({Less strong is} 49. Kxd5 Rxe3 50. Rxh6 Ra3 $18) 49... Rb4 $2 (49... Ke8 50. Rxh6 Rxa4) 50. a5 Ra4 51. Kc3 Ra3+ (51... Rc4+ $142 52. Kb3 Ke8 53. Rxh6 Kd7) 52. Kd4 Ra4+ 53. Kxd5 Ra3 54. Ke4 Ra4+ 55. Kf5 Ra3 56. Ra7+ Ke8 57. e4 Rf3+ 58. Ke6 {[%cal Ra7a8]} Kd8 59. a6 {[%cal Ba5a6,Ba6a7][%mdl 32]} Rxh3 60. Rh7 {White mates.} Ra3 61. a7 Ra6+ 62. Kf5 {NOTEXT-4805: Tournament = 59%, Annotator = 34%.} 1-0

[Event "Floripa Super Blitz 2019"]
[Site "Florianopolis"]
[Date "2019.01.23"]
[Round "8"]
[White "Sunye Neto, Jaime"]
[Black "Borges, Guilherme Deola"]
[Result "1-0"]
[WhiteElo "2446"]
[BlackElo "2171"]
[Annotator "TA"]
[PlyCount "83"]
[EventDate "2019.01.23"]
[EventType "swiss"]
[EventCountry "BRA"]
[SourceTitle "playchess.com"]
[Source "ChessBase"]
[SourceQuality "1"]

{[%evp 14,83,36,44,66,12,21,0,6,19,54,-147,-71,-59,-27,-32,24,-15,-14,-16,-15,-56,7,-23,-16,-60,-55,-52,-45,-34,-54,-60,-58,-56,-14,-29,-44,-34,43,14,15,0,0,4,32,0,0,0,0,-298,-289,-289,-251,-262,-260,-297,-251,-410,-407,-620,-430,-422,-394,-593,-390,-571,-502,-1384,-1373,-29983,-29984,-29993]} 1. e4 c5 2. Nf3 Nc6 3. d4 cxd4 4. Nxd4 e5 5. Nb5 d6 6. N1c3 a6 7. Na3 Be7 8. Nc4 Be6 {B32: Sicilian: Löwenthal and Kalashnikov Variations} (8... b5 9. Ne3 Nf6 10. a3 O-O 11. g3 Nd4 12. Bg2 Be6 13. O-O a5 14. Ne2 Nxe2+ 15. Qxe2 Rb8 16. a4 b4 17. b3 Qb6 18. Bb2 Qc5 19. Kh1 Bd8 20. f4 Bb6 {½-½ (20) Tomczak,J (2583)-Edouard,R (2607) Germany 2018}) 9. Ne3 (9. Nd5 $14) 9... Rc8 10. Be2 Nf6 {The position is equal.} 11. O-O Nd4 12. Ned5 $146 {[#]} (12. Bd3 $1 $14 {stays ahead.}) ({Predecessor:} 12. f4 Qb6 13. Kh1 Nxe2 14. Qxe2 Qc6 15. Qf3 exf4 {½-½ (25) Everett,M-Feldman,S (2285) Lansing 1993}) 12... Nxd5 (12... Nxe4 $142 $1 {[%mdl 512]} 13. Bg4 (13. Nxe4 Nxe2+) 13... Nf6 14. Bxe6 fxe6 15. Nxe7 Qxe7) 13. exd5 $17 Bf5 14. Bd3 Qd7 (14... Bxd3 $15 15. Qxd3 Qc7) 15. Be3 Bxd3 16. Qxd3 Nf5 17. f4 g6 (17... Nxe3 $15 18. Qxe3 exf4 19. Qxf4 (19. Rxf4 O-O $15) 19... O-O) 18. fxe5 dxe5 19. Kh1 O-O 20. Rad1 Nd6 21. Ne4 f5 22. Nxd6 Bxd6 23. c4 Qa4 24. Rc1 e4 $1 {[%cal Re4d3]} 25. Qc3 Bb4 (25... f4 $15 26. Bd4 Rf5) 26. Qe5 $14 {[#] Strongly threatening Bd4.} Rce8 27. Qc7 Rf7 $36 {[%mdl 2048] Black has some pressure.} 28. Qb6 Bf8 (28... Ba5 $5 {[%cal Ra5b6]} 29. Qd4 Bd8 $11) 29. c5 Qxa2 30. c6 Qxd5 {aiming for ...bxc6.} 31. cxb7 $2 {[%mdl 8192]} (31. c7 $11 {and White stays safe.} Rc8 32. Bf4) 31... Qxb7 $19 32. Qd4 Bg7 33. Qc4 Qxb2 34. Rb1 Qe5 35. Rb7 $2 (35. Qxa6 Rd7 36. Rb7 Rxb7 37. Qxb7) 35... Qe6 36. Qb4 (36. Qxe6 $142 Rxe6 37. Rfb1) 36... Rxb7 37. Qxb7 a5 {[%cal Ba6a5,Ba5a4,Ba4a3,Ba3a2][%mdl 32]} 38. Rc1 (38. Qb5 {was called for.}) 38... Be5 39. h3 (39. g3 $142) 39... a4 40. Rd1 (40. Qa7 $142) 40... a3 41. Rd7 a2 42. Qd5 {[%mdl 32768] Accuracy: White = 18%, Black = 51%. . Loss on time!?} 1-0

[Event "Floripa Super Blitz 2019"]
[Site "Florianopolis"]
[Date "2019.01.23"]
[Round "8"]
[White "Quintiliano Pinto, Renato R."]
[Black "Fier, Alexandr"]
[Result "0-1"]
[WhiteElo "2441"]
[BlackElo "2540"]
[Annotator "TA"]
[PlyCount "105"]
[EventDate "2019.01.23"]
[EventType "swiss"]
[EventCountry "BRA"]
[SourceTitle "playchess.com"]
[Source "ChessBase"]
[SourceQuality "1"]

{[%evp 19,105,5,5,0,5,4,40,34,46,43,47,51,75,75,76,75,110,78,81,70,83,52,39,15,22,20,20,19,15,13,19,9,8,0,0,0,0,0,0,0,21,20,32,0,16,7,35,35,26,20,35,14,15,15,22,14,14,14,14,8,14,4,8,-26,-26,-32,-29,-25,-18,-18,-18,-18,-13,-21,10,-8,0,0,16,16,16,-18,-18,-18,0,0,0,0]} 1. e4 c5 2. Nf3 e6 3. g3 Nc6 4. Bg2 Nf6 5. Nc3 d6 6. O-O Bd7 7. d4 cxd4 8. Nxd4 a6 9. Be3 Be7 10. a4 O-O 11. Re1 {B80: Sicilian Scheveningen: 6 g3 and 6 Be3, including English Attack} Nxd4 $146 ({You set blue moves yourself with the critical opening position annotation.:} 11... Qc7 12. h3 Nxd4 13. Qxd4 Bc6 14. a5 Nd7 15. Red1 Rac8 16. Qd2 Rfd8 17. Kh2 h6 18. f4 Re8 19. Ra2 Nf6 20. Qd3 d5 21. e5 Nd7 {0-1 (54) Nunn,J (2580)-Tukmakov,V (2605) Wijk aan Zee 1993}) 12. Bxd4 Bc6 13. a5 {White is slightly better.} Nd7 14. Na4 Bxa4 15. Rxa4 b5 16. axb6 $1 Nxb6 17. Ra2 Qc7 18. b3 (18. Re3 {NOTEXT-196} e5 19. Rc3 Qb7 20. Be3 Rfb8 21. Bf1) 18... a5 19. Qa1 e5 20. Bc3 (20. Be3 {NOTEXT-193} a4 21. Bxb6 Qxb6 22. Rxa4 Rxa4 23. Qxa4 Rc8 24. c4) 20... a4 $1 {[%cal Ra4b3]} 21. bxa4 Rxa4 22. Rxa4 Nxa4 23. Qxa4 {[#] &Lb4 is the strong threat.} Qxc3 24. Re3 Qc7 25. Bf1 Rc8 26. Bd3 g6 27. Rf3 Kg7 28. h4 h5 29. Qb3 Bd8 30. Qd5 Bf6 31. Kg2 Qd7 32. Bc4 Rc5 33. Qd3 Rc7 34. Bd5 Qa4 35. Bb3 Qb4 36. Qd5 Qd4 37. Qxd4 exd4 $11 {[%mdl 4096] General book An&V&L-An&V&L} 38. Rd3 Kf8 39. f4 Ke7 40. Kf3 Rc5 41. Bd5 Rxc2 42. Bb3 Rc1 43. Ke2 Bg7 44. Rd1 {The position is equal.} Rc3 45. Rd3 Rc5 46. Bd5 f5 47. Kf3 Rc1 48. exf5 gxf5 49. Ke2 Rc2+ 50. Rd2 {[#]} d3+ $1 {[%mdl 512]} 51. Ke3 (51. Kxd3 Rc3+) 51... Bc3 52. Rxd3 Bb4 53. Rb3 {[%mdl 32768] NOTEXT-4805: Tournament = 48%, Annotator = 52%. . NOTEXT-202} 0-1

[Event "Floripa Super Blitz 2019"]
[Site "Florianopolis"]
[Date "2019.01.23"]
[Round "8"]
[White "Proudian, Armen"]
[Black "Silva, Kaua Marques"]
[Result "1-0"]
[WhiteElo "2413"]
[BlackElo "1894"]
[Annotator "TA"]
[PlyCount "99"]
[EventDate "2019.01.23"]
[EventType "swiss"]
[EventCountry "BRA"]
[SourceTitle "playchess.com"]
[Source "ChessBase"]
[SourceQuality "1"]

{[%evp 17,98,0,17,16,13,-25,27,26,74,45,332,344,345,345,355,330,356,326,413,427,406,387,409,383,434,435,434,395,399,355,350,335,422,308,311,304,307,271,355,343,438,476,1072,539,730,707,729,566,661,649,603,593,828,591,594,574,662,625,874,872,867,869,850,823,1381,1339,2499,1057,1391,1010,1001,999,1187,1094,1778,1423,29998,29999,29999,3500,29994,0,29999]} 1. e4 c5 2. Nf3 Nc6 3. d4 cxd4 4. Nxd4 Nf6 5. Nc3 e5 6. Ndb5 d6 7. a4 a6 8. Na3 Be6 9. Bg5 Be7 10. Bxf6 {B33: Sicilian: Pelikan and Sveshnikov Variations} Bxf6 11. Nd5 (11. Bc4 O-O 12. O-O Rc8 13. Nd5 Bg5 14. c3 Kh8 15. Qe2 Ne7 16. Rfd1 Ng6 17. g3 Bd7 18. Bb3 f5 19. Nc4 Be6 20. exf5 Bxf5 21. Nde3 Bxe3 22. Nxe3 Be4 23. Bd5 Bxd5 24. Rxd5 {1-0 (40) Tomczak,J (2461)-Bartel,M (2602) Warsaw 2008}) 11... Bg5 (11... Ne7 $142) 12. Nc4 $11 {White has an edge.} Ne7 $146 ({Predecessor:} 12... Bxd5 13. Qxd5 O-O 14. c3 Be7 15. a5 Kh8 16. Bd3 Qc7 17. O-O Rad8 {1-0 (41) Petovic,L (2038)-Petrusic,G (1959) Cetinje 2013}) 13. Nxd6+ (13. h4 {is interesting.} Bxd5 14. hxg5 Bxc4 15. Bxc4 Rc8 16. Ba2) 13... Qxd6 $4 {[%mdl 8192] [#]} (13... Kf8 $14 14. Nxb7 Qb8) 14. Nf6+ $1 $18 {[%mdl 576] Discovered Attack} Bxf6 15. Qxd6 O-O 16. Be2 Rac8 17. c3 Rfd8 18. Qb6 Ng6 19. g3 Bh3 20. f3 Be7 21. Rd1 Re8 22. Bf1 Be6 23. Bd3 Bc5 24. Qxb7 Rb8 25. Qc6 Rec8 26. Qxa6 Rxb2 {[#] ( -> ...Bf2+)} 27. Rd2 Rb6 28. Qa5 h5 29. Ke2 Rcb8 (29... Rbb8 $142 30. Ba6 Ra8) 30. Bb5 Bf8 31. Rhd1 Be7 32. Kf2 Bc5+ 33. Kg2 Be7 34. c4 R6b7 35. Qc3 Rc7 36. Qe3 Kh7 37. a5 {[%cal Ba4a5,Ba5a6][%mdl 32]} Bxc4 38. Bxc4 Rxc4 39. Ra2 Rc7 40. a6 f6 41. Rc1 Ra7 42. Rc6 Rba8 43. Qb6 Bd8 44. Qb5 Ne7 45. Re6 Nc8 46. f4 exf4 47. Qxh5+ Kg8 48. Qe8+ Kh7 49. Qh5+ Kg8 50. Re8# {Accuracy: White = 62%, Black = 46%.} 1-0

[Event "Floripa Super Blitz 2019"]
[Site "Florianopolis"]
[Date "2019.01.23"]
[Round "9"]
[White "Fier, Alexandr"]
[Black "Sunye Neto, Jaime"]
[Result "1-0"]
[WhiteElo "2540"]
[BlackElo "2446"]
[Annotator "ChessBase"]
[PlyCount "45"]
[EventDate "2019.01.23"]
[EventType "swiss"]
[EventCountry "BRA"]
[SourceTitle "playchess.com"]
[Source "ChessBase"]
[SourceQuality "1"]
[TimeControl "180+2"]

1. e4 {[%emt 0:00:00]} c5 {[%emt 0:00:02]} 2. Nf3 {[%emt 0:00:01]} d6 {[%emt 0:00:01]} 3. d4 {[%emt 0:00:01]} cxd4 {[%emt 0:00:01]} 4. Nxd4 {[%emt 0:00:01]} Nf6 {[%emt 0:00:01]} 5. Nc3 {[%emt 0:00:01]} Nc6 {[%emt 0:00:01]} 6. Bg5 {[%emt 0:00:02]} Bd7 {[%emt 0:00:02]} 7. Qd2 {[%emt 0:00:02]} Qa5 {[%emt 0:00:05]} 8. Nb3 {[%emt 0:00:11]} Qc7 {[%emt 0:00:02]} 9. O-O-O {[%emt 0:00:12]} a6 {[%emt 0:00:02]} 10. Bxf6 {[%emt 0:00:02]} gxf6 {[%emt 0:00:01]} 11. f4 {[%emt 0:00:01]} e6 {[%emt 0:00:02]} 12. Be2 {[%emt 0:00:01]} h5 {[%emt 0:00:05]} 13. Rhf1 {[%emt 0:00:01]} b5 {[%emt 0:00:13]} 14. Bf3 {[%emt 0:00:32]} Rc8 {[%emt 0:00:11]} 15. Kb1 {[%emt 0:00:01]} b4 {[%emt 0:00:10]} 16. Ne2 {[%emt 0:00:01]} a5 {[%emt 0:00:01]} 17. Nbd4 {[%emt 0:00:02]} Nxd4 {[%emt 0:00:09]} 18. Nxd4 {[%emt 0:00:01]} Qb6 {[%emt 0:00:09]} 19. e5 {[%emt 0:00:25]} dxe5 {[%emt 0:01:05]} 20. fxe5 {[%emt 0:00:12]} fxe5 {[%emt 0:00:01]} 21. Ne2 {[%emt 0:00:01]} Rd8 {[%emt 0:00:07]} 22. Qg5 {[%emt 0:00:05]} Qc7 {[%emt 0:00:10]} 23. Bxh5 {[%emt 0:00:04] Ke7 [%emt 00:00:55]} 1-0